Analýza finančních trhů : Z angl.orig /

Enregistré dans:
Détails bibliographiques
Auteur principal: Blake, David (Auteur)
Format: Livre
Langue:tchèque
Publié: Praha : Grada Publishing, 1995
Tags: Ajouter un tag
Pas de tags, Soyez le premier à ajouter un tag!

MARC

LEADER 00000nam a22000003a 4500
001 stu24223
005 20190206132408.3
008 961119s1995----xr------------------cze-d
020 |a 80-7169-201-8 
040 |a STU  |b slo 
041 0 |a cze 
044 |a xr 
080 |a 336.64 
100 1 |a Blake, David  |4 aut 
245 1 |a Analýza finančních trhů :  |b Z angl.orig /  |c [aut.]Blake,David 
260 |a Praha :  |b Grada Publishing,  |c 1995 
300 |a 623 s :  |b Tab.,grafy,register 
996 |b C94566  |c C*94566  |l CCXIV  |s P  |a 0  |w stu24223_0001